| 000 | 00000nam##2200000za#4500 |
| 001 | 9.587721 |
| 003 | CaOODSP |
| 005 | 20210624194754 |
| 007 | cr ||||||||||| |
| 008 | 150406|2007||||xxc|||||o f|0| 0 eng|d |
| 022 | |a1701-1280 |
| 040 | |aCaOODSP|beng |
| 041 | |aeng |
| 041 | |afre |
| 043 | |an-cn--- |
| 086 | 1 |aFs70-4/2007-045-PDF |
| 110 | 1 |aCanada. |bDepartment of Fisheries and Oceans. |
| 245 | 10|aNational science workshop : |h[electronic resource]|becosystem indicators / |cJake Rice, chair ; Vanessa Sutton, editor. |
| 260 | |aOttawa - Ontario : |bFisheries and Oceans Canada |cFebruary 2008. |
| 300 | |a31p.|bfigs., references, table |
| 490 | 1 |aCanadian Science Advisory Secretariat proceedings series|x1701-1280|v2007/045 |
| 500 | |a"10-11 October 2007, Lord Elgin Hotel, Ottawa, Ontario"--Cover. |
| 590 | |a11-32-Supp|b2011-12-20 |
| 720 | 1 |aRice, Jake |
| 720 | 1 |aSutton, Vanessa |
| 792 | |tAtelier national du Secteur des sciences : |efre|w(CaOODSP)9.587722 |
| 830 | #0|aProceedings series (Canadian Science Advisory Secretariat)|x1701-1280|v2007/045|w(CaOODSP)9.500507 |
| 856 | 40|ahttp://publications.gc.ca|qPDF|s180 KB|uhttps://publications.gc.ca/collections/collection_2011/mpo-dfo/Fs70-4-2007-045.pdf|y2007/045 |